Statistics for Ken Carson - A Great Chaos (tracklist)

Click here to take the quiz!

General Stats

  • This quiz has been taken 487 times
  • The average score is 15 of 18

Answer Stats

HintAnswer% Correct
1Green Room
94%
2Jennifer's Body
92%
4 (ft. Destroy Lonely)Singapore
91%
10 (ft. Destroy Lonely)Paranoid
90%
3Fighting My Demons
88%
15Nightcore
88%
16Nightcore 2
88%
12 (ft. Destroy Lonely & Lil Uzi Vert)Like This
85%
6Hardcore
84%
7Me N My Kup
82%
18i need u
81%
9Succubus
81%
17Rockstar Lifestyle
73%
5Lose It
72%
13Overtime
72%
11Pots
72%
8It's Over
70%
14Vampire Hour
70%

Score Distribution

Percentile by Number Answered

Percent of People with Each Score

Your Score History

You have not taken this quiz